Score 0/20 Timer 02:00
0 Plays Today
Artist Missing Word % Correct
Garth BrooksSun
93.6%
Garth BrooksLow
91.8%
Garth BrooksNever
91.5%
George StraitYes
88.2%
George StraitTexas
87%
Garth BrooksColadas
83.6%
George StraitHeart
83.4%
Shania TwainOne
80.7%
Shania TwainMan
78.7%
Reba McEntireLove
77.9%
Artist Missing Word % Correct
Shania TwainBoots
67.3%
Garth BrooksThunder
63.8%
George StraitThis
59.2%
Shania TwainMe
54.7%
George StraitProperty
52.5%
Reba McEntireGone
50.9%
Reba McEntireNew
48.7%
Reba McEntireRumor
36.8%
Shania TwainDance
30.5%
Reba McEntireLife
29.5%

Today's Daily Dose

Remove Ads.
Support Sporcle.
Get the best of Sporcle when you Go Orange. This ad-free experience offers more features, more stats, and more fun while also helping to support Sporcle. Thank you for becoming a member.

You're not logged in!

Compare scores with friends on all Sporcle quizzes.
OR
Log In

Show Comments

Extras

Top Quizzes Today


Score Distribution

Your Account Isn't Verified!

In order to create a playlist on Sporcle, you need to verify the email address you used during registration. Go to your Sporcle Settings to finish the process.

Report this User

Report this user for behavior that violates our Community Guidelines.

Details: